| 000 | 00339nam a22001337a 4500 | ||
|---|---|---|---|
| 003 | SGT | ||
| 020 | _a9788179922323 | ||
| 082 |
_a158.1 _bSHA |
||
| 100 | _aSHARMA ROBIN | ||
| 245 |
_aWHO WILL CRY WHEN YOU DIE _bLIFE LESSONS FROM THE MONK WHO SOLD HIS FERRARI |
||
| 260 |
_aMUMBAI _bJAICO BOOKS _c2022 |
||
| 300 | _a225 | ||
| 942 |
_2ddc _cBK _012 |
||
| 999 |
_c23364 _d23364 |
||